Catálogo

La vivencia religiosa en Edith Stein : (Registro nro. 42441)

Detalles MARC
000 -LEADER
fixed length control field 00726cam a2200217 i 4500
001 - CONTROL NUMBER
control field 42441
003 - CONTROL NUMBER IDENTIFIER
control field Mx-PuUPA
005 - DATE AND TIME OF LATEST TRANSACTION
control field 20260430122308.0
008 - FIXED-LENGTH DATA ELEMENTS--GENERAL INFORMATION
fixed length control field 140415s2022 mx gr 000 0 spa d
020 ## - INTERNATIONAL STANDARD BOOK NUMBER
International Standard Book Number 786079998332
040 ## - CATALOGING SOURCE
Transcribing agency Mx-PuUPA
041 ## - LANGUAGE CODE
Language code of text/sound track or separate title spa
082 04 - DEWEY DECIMAL CLASSIFICATION NUMBER
Classification number xx
Item number xx
Edition number 23
100 1# - MAIN ENTRY--PERSONAL NAME
Personal name Sánchez Muñoz, Rubén
Relator term autor
9 (RLIN) 6583
245 ## - TITLE STATEMENT
Title La vivencia religiosa en Edith Stein :
Remainder of title a cien años de su conversión y ochenta de su muerte /
Statement of responsibility, etc. Rubén Sánchez Muñoz
250 ## - EDITION STATEMENT
Edition statement Primera edición
264 #1 - PRODUCTION, PUBLICATION, DISTRIBUTION, MANUFACTURE, AND COPYRIGHT NOTICE
Place of production, publication, distribution, manufacture Ciudad de México :
Name of producer, publisher, distributor, manufacturer LAMBDA Editorial,
Date of production, publication, distribution, manufacture, or copyright notice 2022
300 ## - PHYSICAL DESCRIPTION
Extent 133 páginas ;
Dimensions 21 cm
942 ## - ADDED ENTRY ELEMENTS (KOHA)
Source of classification or shelving scheme Dewey Decimal Classification
Koha item type Libro
Classification part xx
Item part xx
Existencias
Withdrawn status Lost status Source of classification or shelving scheme Damaged status Not for loan Collection code Home library Current library Shelving location Date acquired Source of acquisition Total Checkouts Full call number Barcode Price effective from Koha item type
    Dewey Decimal Classification   En catalogación General Biblioteca Karol Wojtyla Biblioteca Karol Wojtyla Procesos técnicos 03/12/2013 Donación   xx 63395 03/12/2013 Libro